Development of AD-HOC voice network for rapid deployment / (Record no. 615869)
[ view plain ]
| 000 -LEADER | |
|---|---|
| fixed length control field | 01016nam a22001817a 4500 |
| 003 - CONTROL NUMBER IDENTIFIER | |
| control field | NUST |
| 005 - DATE AND TIME OF LATEST TRANSACTION | |
| control field | 20260120143003.0 |
| 082 ## - DEWEY DECIMAL CLASSIFICATION NUMBER | |
| Classification number | 621.382,IBR |
| 100 ## - MAIN ENTRY--PERSONAL NAME | |
| Personal name | Ibrahim |
| 9 (RLIN) | 122723 |
| 245 ## - TITLE STATEMENT | |
| Title | Development of AD-HOC voice network for rapid deployment / |
| Statement of responsibility, etc. | Ibrahim, Sumair, Adeel, Bilal and Zahir (BETE-51) |
| 260 ## - PUBLICATION, DISTRIBUTION, ETC. | |
| Place of publication, distribution, etc. | Rawalpindi |
| Name of publisher, distributor, etc. | MCS (NUST) |
| Date of publication, distribution, etc. | 2018 |
| 300 ## - PHYSICAL DESCRIPTION | |
| Extent | v, 70p.; |
| 505 ## - FORMATTED CONTENTS NOTE | |
| Formatted contents note | Introduction (Page-3), Overall Description (Page-8), External Interface Requirements (Page-14), System Features (Page-15), Other Nonfunctional Requirements (Page-26), Layout (Page-28), Use Case Descriptions (Page-31), Cals's Description (Page-34), User Interface (Page-40), Detailed Description of Components (Page-49), Design, Decisions, Reuse and Relationship to other Products (Page-59), Project test and Evaluation (Page-60), assumptions and Dependencies (Page-68), References (Page-69). |
| 650 ## - SUBJECT ADDED ENTRY--TOPICAL TERM | |
| Topical term or geographic name entry element | UG Project |
| 9 (RLIN) | 131132 |
| 651 ## - SUBJECT ADDED ENTRY--GEOGRAPHIC NAME | |
| Geographic name | BETE-51 |
| 9 (RLIN) | 132836 |
| 700 ## - ADDED ENTRY--PERSONAL NAME | |
| Personal name | Supervised by Dr. Hasnat Khurshid |
| 9 (RLIN) | 132581 |
| 942 ## - ADDED ENTRY ELEMENTS (KOHA) | |
| Source of classification or shelving scheme | |
| Koha item type | Project Report |
| Withdrawn status | Lost status | Source of classification or shelving scheme | Damaged status | Not for loan | Permanent Location | Current Location | Shelving location | Date acquired | Total Checkouts | Full call number | Barcode | Date last seen | Price effective from | Koha item type | Public note |
|---|---|---|---|---|---|---|---|---|---|---|---|---|---|---|---|
| Military College of Signals (MCS) | Military College of Signals (MCS) | Reference | 01/20/2026 | 621.382,IBR | MCSPTE-276 | 01/20/2026 | 01/20/2026 | Project Report | almirah No.90, Shelf No.4 |
